[Event "Wch FIDE Online U18 Girls Asia qual"]
[Site "Tornelo INT"]
[Date "2020.12.12"]
[Round "4"]
[White "Aishath, Himya Ibrahim Mujah"]
[Black "Kazi Zarin, Tasnim"]
[Result "0-1"]
[WhiteElo "1069"]
[BlackElo "1667"]
[PlyCount "66"]
[EventDate "2020.12.11"]
[EventType "swiss (rapid)"]
[EventRounds "7"]
[EventCountry "ISS"]
[SourceTitle "EXT 2022"]
[Source "ChessBase"]
[SourceDate "2021.10.06"]
[SourceVersion "1"]
[SourceVersionDate "2021.10.06"]
[SourceQuality "1"]

1. e4 e5 2. Nf3 Nf6 3. Nc3 Nc6 4. Bc4 Bc5 5. d3 h6 6. Be3 Bxe3 7. fxe3 0-0 8. d4 exd4 9. exd4 Nxe4 10. Nxe4 d5 11. Bd3 dxe4 12. Bxe4 Re8 13. Qd3 f5 14. Qc4+ Kh8 15. 0-0-0 fxe4 16. Ne5 Nxe5 17. dxe5 Qg5+ 18. Kb1 Qxe5 19. Rhe1 Be6 20. Qxe4 Qxe4 21. Rxe4 Bxa2+ 22. Kxa2 Rxe4 23. c3 Re2 24. Rg1 Rd8 25. h4 Rdd2 26. g4 Rxb2+ 27. Ka3 c5 28. g5 hxg5 29. hxg5 b5 30. c4 Ra2+ 31. Kb3 Rab2+ 32. Kc3 b4+ 33. Kd3 Rbd2# 0-1

[Event "Wch FIDE Online U18 Girls Asia qual"]
[Site "Tornelo INT"]
[Date "2020.12.12"]
[Round "5"]
[White "Aishath, Himya Ibrahim Mujah"]
[Black "Rayan, Mohammad Ali Hassan"]
[Result "0-1"]
[WhiteElo "1069"]
[BlackElo "1479"]
[PlyCount "92"]
[EventDate "2020.12.11"]
[EventType "swiss (rapid)"]
[EventRounds "7"]
[EventCountry "ISS"]
[SourceTitle "EXT 2022"]
[Source "ChessBase"]
[SourceDate "2021.10.06"]
[SourceVersion "1"]
[SourceVersionDate "2021.10.06"]
[SourceQuality "1"]

1. e4 e5 2. Nf3 Nf6 3. Nc3 Nc6 4. Bc4 Bc5 5. d3 h6 6. Be3 Bb6 7. Qd2 d6 8. 0-0-0 Be6 9. Bxe6 fxe6 10. d4 exd4 11. Bxd4 Ba5 12. e5 Ne4 13. Qe3 Nxd4 14. Qxe4 Bxc3 15. bxc3 Nxf3 16. Qxf3 Qg5+ 17. Kb1 Qxe5 18. Qxb7 0-0 19. Qc6 Rfc8 20. Rhe1 Qf6 21. f3 Rab8+ 22. Kc1 Qf4+ 23. Rd2 Rb6 24. Qd7 Rcb8 25. Qxe6+ Kh8 26. Qb3 Rxb3 27. cxb3 Qg5 28. g3 Kg8 29. f4 Qf6 30. Re3 Kf8 31. Rd5 Re8 32. Red3 Re2 33. Kb1 Rxh2 34. Ra5 Qg6 35. Rad5 Rd2 36. Ka1 Rxd3 37. Rxd3 Qxd3 38. a3 g5 39. fxg5 hxg5 40. c4 Qxg3 41. b4 Qf2 42. c5 g4 43. cxd6 cxd6 44. b5 g3 45. b6 g2 46. b7 g1Q# 0-1

[Event "Wch FIDE Online U18 Girls Asia qual"]
[Site "Tornelo INT"]
[Date "2020.12.11"]
[Round "1"]
[White "Aishath, Himya Ibrahim Mujah"]
[Black "Asgharzadeh, Mitra"]
[Result "0-1"]
[WhiteElo "1069"]
[BlackElo "1978"]
[PlyCount "42"]
[EventDate "2020.12.11"]
[EventType "swiss (rapid)"]
[EventRounds "7"]
[EventCountry "ISS"]
[SourceTitle "EXT 2022"]
[Source "ChessBase"]
[SourceDate "2021.10.06"]
[SourceVersion "1"]
[SourceVersionDate "2021.10.06"]
[SourceQuality "1"]

1. e4 c5 2. Nf3 d6 3. d4 cxd4 4. Qxd4 Nc6 5. Bb5 Bd7 6. Bxc6 Bxc6 7. 0-0 Nf6 8. Nc3 g6 9. Bf4 Bg7 10. e5 Nh5 11. Qe3 Nxf4 12. Qxf4 Bxf3 13. Qxf3 Bxe5 14. Ne4 0-0 15. Qh3 Bg7 16. Ng5 h6 17. Qb3 hxg5 18. Qxb7 Rb8 19. Qxa7 Rxb2 20. Qa4 Qc7 21. Rfc1 Rc8 0-1

[Event "Asia-chT Cup U14"]
[Site "Jiaxing"]
[Date "2016.11.09"]
[Round "6.8"]
[White "Aishath, Himya Ibrahim Mujah"]
[Black "Hassan, Zayan Mohamed"]
[Result "0-1"]
[WhiteElo "1019"]
[BlackElo "1143"]
[PlyCount "36"]
[EventDate "2016.11.06"]
[EventType "swiss"]
[EventRounds "9"]
[EventCountry "CHN"]
[SourceTitle "EXT 2021"]
[Source "ChessBase"]
[SourceDate "2020.10.23"]
[SourceVersion "1"]
[SourceVersionDate "2020.10.23"]
[SourceQuality "1"]

1. e4 e5 2. Nf3 Nc6 3. Bc4 Bc5 4. 0-0 Nf6 5. d3 d6 6. Nc3 Bg4 7. h3 Bh5 8. Nd5 h6 9. Be3 Nd4 10. g4 Bg6 11. Nh4 Nxd5 12. Nxg6 fxg6 13. Bxd5 c6 14. Bc4 Rf8 15. c3 Nf3+ 16. Kh1 Qh4 17. Qxf3 Rxf3 18. Bxc5 Qxg4 0-1